| 000 | 00908nam a22001697a 4500 | ||
|---|---|---|---|
| 003 | SGT | ||
| 020 | _a9780071333337 | ||
| 082 | _a658, TRI | ||
| 100 | _aTRIPATHI P C | ||
| 245 | _aPRINCIPLES OF MANAGEMENT | ||
| 250 | _a5TH | ||
| 260 |
_aNEW DELHI _bMCGRAW HILL _c2012 |
||
| 300 | _a454 | ||
| 650 | _aMANAGEMENT | ||
| 653 | _a Nature and Functions of Management, Development of Management Thought, Social Responsibilities of Business, Planning, Decision-Making, Business Forecasting and Operations Research, Organization, Authority Delegation and Decentralization, Coordination, Informal Organization, Staffing, Training and Development, Performance Management, Compensation Plans, Direction and Supervision, Communication, Leadership, Managerial Control, Organizational Change, Management of Organizational Conflict and Power Politics, Organizational Climate or Culture (OC) | ||
| 942 |
_2ddc _cFCM _09 |
||
| 999 |
_c9100 _d9100 |
||